000 00940nas a2200313 4500
001 BR9205838
003 BR-BrBNA
005 20231205094628.0
007 ta
008 230509b bl.|||p| |||| 00| 00por d
040 _aBR-BrBNA
_bpor
_cBiblioteca Nacional de Agricultura
041 _a(Pt)
072 _aH10
100 1 _aBrunelli Junior, H.C.
100 1 _aCarvalho, J.C.
100 1 _aOliveira Filho, J.C.
100 1 _aFagan, R.
100 1 _aSantos, B.M.
100 1 _aAmorim Neto, L.A.
100 1 _aMariconi, F.A.M.
245 1 _aGranulados sistemicos incorporados ao solo no combate ao acaro phyllocoptruta oleivora (Ashm, 1879)em laranjeiras adultas
650 _aControle Quimico
650 _aAcaro
650 _aLaranja
650 _aAcaricida
773 0 _tSolo (Brazil)
_xISSN 0584-0821
_g(Jul-Dec 1978), v. 70(2) p. 15-19
_wBR9205838
909 _a202311
_bLúcia
_c55
_dLúcia Elande
942 _2AGRIS
_n0
_cANA
999 _c145754
_d145754